Books by Series - Statistics

General Stats
  • This quiz has been taken 1,135 times
  • The average score is 22 of 44
Answer Stats
Series Book % Correct
Harry Potter The Philosopher's Stone
93%
Harry Potter The Prisoner of Azkaban
92%
Harry Potter The Chamber of Secrets
91%
Harry Potter The Goblet of Fire
91%
Harry Potter The Half-Blood Prince
90%
Harry Potter The Deathly Hallows
89%
Harry Potter The Order of the Phoenix
88%
Hunger Games The Hunger Games
84%
Hunger Games Mockingjay
82%
Twilight Twilight
80%
Divergent Divergent
78%
Hunger Games Catching Fire
77%
Twilight New Moon
70%
Lord of the Rings The Two Towers
70%
Lord of the Rings The Fellowship of the Ring
66%
Twilight Breaking Dawn
65%
Divergent Insurgent
64%
Twilight Eclipse
62%
Lord of the Rings The Return of the King
61%
Percy Jackson The Lightning Thief
59%
Divergent Allegiant
52%
Percy Jackson The Sea of Monsters
48%
Mortal Instruments City of Bones
41%
Diary of Wimpy Kid Diary of a Wimpy Kid
39%
Matched Matched
34%
Divergent Four
33%
Diary of Wimpy Kid Dog Days
32%
Percy Jackson The Last Olympian
32%
Percy Jackson The Titan's Curse
31%
Mortal Instruments City of Ashes
30%
Diary of Wimpy Kid Rodrick Rules
30%
Percy Jackson The Battle of the Labyrinth
30%
Mortal Instruments City of Glass
29%
Mortal Instruments City of Fallen Angels
21%
Mortal Instruments City of Heavenly Fire
21%
Diary of Wimpy Kid Cabin Fever
19%
Mortal Instruments City of Lost Souls
18%
Diary of Wimpy Kid The Last Straw
17%
Matched Crossed
15%
Diary of Wimpy Kid The Third Wheel
15%
Diary of Wimpy Kid The Long Haul
14%
Diary of Wimpy Kid The Ugly Truth
14%
Diary of Wimpy Kid Hard Luck
12%
Matched Reached
12%
No matching quizzes found
Score Distribution
Percent of People with Each Score
Percentile by Number Answered
Your Score History
You have not taken this quiz